ORTHOPEDIC SURGERY IN PATIENTS WITH HEMOPHILLIA (Record no. 801243)

MARC details
000 -LEADER
fixed length control field 00386pam a2200157 a 4500
020 ## - INTERNATIONAL STANDARD BOOK NUMBER
International Standard Book Number 978884708533
Terms of availability
041 ## - LANGUAGE CODE
Language code of text/sound track or separate title eng
082 ## - DEWEY DECIMAL CLASSIFICATION NUMBER
Classification number 617.3
Item number CAV
100 ## - MAIN ENTRY--PERSONAL NAME
Personal name CAVIGLIA H.A.,SOLIMENOL P.
245 ## - TITLE STATEMENT
Title ORTHOPEDIC SURGERY IN PATIENTS WITH HEMOPHILLIA
Medium Textual Documents
250 ## - EDITION STATEMENT
Edition statement 1.
260 ## - PUBLICATION, DISTRIBUTION, ETC.
Name of publisher, distributor, etc. SPRINGER
Date of publication, distribution, etc. 2008
300 ## - PHYSICAL DESCRIPTION
Extent 282:
Other physical details XX;
Dimensions HB.
650 ## - SUBJECT ADDED ENTRY--TOPICAL TERM
Topical term or geographic name entry element ORTHO
930 ## - EQUIVALENCE OR CROSS-REFERENCE-UNIFORM TITLE HEADING [LOCAL, CANADA]
Uniform title 6716
Holdings
Withdrawn status Lost status Damaged status Not for loan Collection Home library Current library Date acquired Source of acquisition Cost, normal purchase price Total Checkouts Full call number Barcode Date last seen Copy number Price effective from Koha item type
          Medical College & Hospital, Sangli Medical College & Hospital, Sangli 18/03/2015 B.M.S.G.B.PUNE 13072.23   617.3 CAV MCS-12319 26/07/2023 1 26/07/2023 Book